000 00766cab a22002415a 4500
001 L157596
008 130129e2012 xxk 000 0 eng d
020 _a9781848062429
035 _a(Sirsi) u157596
041 0 _aeng
100 1 _aGarvin, Stephen
110 2 _aBulding Research Establishment
245 0 0 _aFlood - resilient building
_bpart 1: legislation, planning, flood-risk assessment and performance of buildings
260 _aWatford : BRE, 2012
490 _aBRE Digest
_v(DG 523) Part 1
520 _aSets out an overall approach to flood-resilient building in the UK.
590 _aKA
650 2 4 _aFLOOD-RISK ASSESSMENT
650 2 4 _aFLOOD DEFENCES
650 2 4 _aFLOOD PREVENTION
690 2 4 _aDesign and specification
942 _n0
_2ddc
999 _c114862
_d114862